000 01046nam a22002777a 4500
001 4452
003 FISKH
005 20240910141138.0
008 240910b cb ||||| |||| 00| 0 eng d
020 _a9780140505948
040 _aFISKH
_beng
_cFISKH
_dFISKH
050 _aPZ7
082 _a646
100 _aBarnett, Gillian
245 _aThe sack man /
_cGillian Barnett ; Illustrated by Lynda Taylor
260 _aVitoria :
_bPuffin Books,
_c1986.
300 _a28 unnumbered pages :
_bcolor illustrations ;
_c26 cm
505 _aO
520 _aAt first, Jess is scared of the Sack Man. He wears ragged clothes, has a dog that growls, and lives in an upside-down bathtub. Most of all, Jess wonders what he keeps in his sack which he carries with him every day. But slowly, Jess learns not to be afraid - and finds a friend.
521 8 _a600
_bLexile estimate
521 8 _aO
_bRaz-Plus
650 _aSack Man
_vRagged clothes
700 _aTaylor, Lynda
_eIllustrator
942 _2ddc
_cBK
_n0
999 _c4452
_d4452